[Event "Vienna op"]
[Site "Vienna"]
[Date "1996.??.??"]
[Round "2"]
[White "Herndl, Harald"]
[Black "Almasi, Istvan"]
[Result "1-0"]
[WhiteElo "2365"]
[BlackElo "2425"]

1.d4 d5 2.c4 dxc4 3.e4 b5 4.a4 c6 5.b3 Nf6 6.e5 Nd5 7.axb5 cxb5 8.bxc4 bxc4
9.Bxc4 e6 10.Ne2 Bb4+ 11.Bd2 Be7 12.O-O O-O 13.Nbc3 Bb7 14.Rb1 Nb6 15.Bd3 Nc6
16.Be4 Qd7 17.Be3 Nb4 18.Ng3 Bxe4 19.Ncxe4 N4d5 20.Nh5 Kh8 21.Qg4 Rg8 22.Ng5 Bxg5
23.Bxg5 Raf8 24.Qh4 Nc3 25.Nf6 gxf6 26.Bxf6+ Rg7 27.Bxg7+ Kxg7 28.Qg3+  1-0

[Event "Vienna op"]
[Site "Vienna"]
[Date "1996.??.??"]
[Round "4"]
[White "Herndl, Harald"]
[Black "Ibragimov, Ildar"]
[Result "0-1"]
[WhiteElo "2365"]
[BlackElo "2545"]

1.d4 d5 2.c4 dxc4 3.e4 e5 4.Nf3 exd4 5.Bxc4 Nc6 6.O-O Be6 7.Bxe6 fxe6 8.Ng5 Qd7
9.Qh5+ g6 10.Qh3 O-O-O 11.Qxe6 h6 12.Qxd7+ Rxd7 13.Ne6 Bd6 14.Nf4 Ne5 15.Rd1 Nf6
16.Rxd4 g5 17.Nd5 Bc5 18.Rd1 Nxe4 19.Be3 Rhd8 20.Nbc3 Nxc3 21.Nxc3 Bxe3 22.fxe3 Rd2
23.Rxd2 Rxd2 24.b3 Rc2 25.Nb5 a6 26.Nd4 Rb2 27.h3 Kd7 28.Rd1 Rxa2 29.Nf5+ Ke6
30.e4 Rb2 31.Rd8 Nc6 32.Rg8 Rxb3 33.Nxh6 a5 34.Rg6+ Ke5 35.Rxg5+ Kxe4 36.h4 b5
37.Ng8 a4 38.Nf6+ Kd3 39.Rg8 a3 40.Ra8 Kc2 41.h5 Ne5 42.h6 Nf7 43.h7 Kb2
44.Rf8 a2 45.Rxf7 a1=Q+ 46.Kh2 Ka2  0-1

[Event "JUG-chT"]
[Site "Vrnjacka Banja"]
[Date "1996.??.??"]
[Round "?"]
[White "Notkin, Maksim"]
[Black "Mirkovic, Slobodan"]
[Result "1-0"]
[WhiteElo "2515"]
[BlackElo "2360"]

1.d4 d5 2.c4 dxc4 3.e4 c5 4.d5 e6 5.Nc3 Nf6 6.Bxc4 exd5 7.Nxd5 Nxd5 8.Bxd5 Be7
9.Ne2 O-O 10.O-O Nd7 11.Nc3 Bf6 12.Be3 Bxc3 13.bxc3 Qa5 14.c4 Nf6 15.Bd2 Qc7
16.Bc3 Nxd5 17.cxd5 Qf4 18.Re1 b5 19.Rc1 Bd7 20.Ba1 Rac8 21.Rc3 f6 22.Rf3 Qh4
23.Rg3 Rf7 24.e5 fxe5 25.Bxe5 Re8 26.f4 g6 27.Ree3 a5 28.Qe1 Qd8 29.d6 b4
30.a3 bxa3 31.Qa1 Qb6 32.h3 c4 33.Kh2 Qc5 34.Rxa3 a4 35.Rg5 Qf2 36.Rf3 Qc2
37.Rc3 Qe2 38.Rcg3 Qc2 39.h4 Rb8 40.h5 Bf5 41.d7 Rd8 42.Bf6 Rdxd7 43.Qe5 Rxf6
44.Qxf6 Rf7 45.Qd8+ Rf8 46.Qd5+ Rf7 47.Re3 Qf2 48.Rxf5 gxf5 49.Rg3+ Qxg3+
50.Kxg3 Kg7 51.Qxc4 a3 52.h6+ Kg6 53.Qe6+ Rf6 54.Qg8+  1-0

[Event "NBG Open Weilburg"]
[Site "Weilburg"]
[Date "1996.??.??"]
[Round "4"]
[White "Behrhorst, Frank"]
[Black "Levin, Felix"]
[Result "0-1"]
[WhiteElo "2240"]
[BlackElo "2475"]

1.d4 d5 2.c4 dxc4 3.e4 Nc6 4.Nf3 Bg4 5.Be3 Bxf3 6.gxf3 e6 7.Bxc4 Qf6 8.e5 Qh4
9.Nc3 Bb4 10.Qb3 Nge7 11.O-O-O Bxc3 12.bxc3 O-O 13.Bd3 Nd5 14.Qc2 Nce7 15.Qd2 Nxe3
16.fxe3 c5 17.Rhg1 Rac8 18.Rg4 Qh6 19.Kb2 Nd5 20.f4 cxd4 21.cxd4 Rc6 22.Rdg1 g6
23.h4 Rfc8 24.h5 Qxh5 25.Rg5 Qh6 26.f5 Nb4 27.Qxb4 Rb6 28.Bb5 a6 29.a4 axb5
30.fxg6 hxg6 31.axb5 Qf8 32.Qa5 Ra8 33.Qxb6 Qb4+ 34.Kc2 Qc4+  0-1

[Event "Hoogovens"]
[Site "Wijk aan Zee"]
[Date "1996.??.??"]
[Round "5"]
[White "Van Wely, Loek"]
[Black "Huebner, Robert"]
[Result "1/2-1/2"]
[WhiteElo "2570"]
[BlackElo "2635"]

1.d4 d5 2.c4 dxc4 3.e4 e5 4.Nf3 Bb4+ 5.Nc3 exd4 6.Nxd4 Ne7 7.Bxc4 O-O 8.O-O Nbc6
9.Be3 Nxd4 10.Bxd4 Nc6 11.Be3 Bxc3 12.bxc3 Qe7 13.Qa4 Ne5 14.Be2 b6 15.Rfd1 Bd7
16.Qc2 Rad8 17.a4 Be6 18.c4 Ng4 19.Bf4 Qc5 20.Bf1 g5 21.Bg3 Ne5 22.h4 h6
23.hxg5 hxg5 24.Qb2 f6 25.Qb5 Rd4 26.Rdc1 Rxe4 27.Qxc5 bxc5 28.f3 Re3 29.Bf2 Rb3
30.Bxc5 Ra8 31.Bd4 Kf7 32.Rcb1 Rxb1 33.Rxb1 Ke7 34.Rb7 Kd6 35.Bxe5+ fxe5
36.Bd3 a5 37.c5+ Kxc5 38.Rxc7+ Kd4 39.Bb5 Rg8 40.Ra7  1/2-1/2

[Event "Hoogovens"]
[Site "Wijk aan Zee"]
[Date "1996.??.??"]
[Round "10"]
[White "Van Wely, Loek"]
[Black "Anand, Viswanathan"]
[Result "1/2-1/2"]
[WhiteElo "2570"]
[BlackElo "2725"]

1.d4 d5 2.c4 dxc4 3.e4 Nf6 4.e5 Nd5 5.Bxc4 Nc6 6.Ne2 Nb6 7.Bb3 Bf5 8.Nbc3 e6
9.O-O Qd7 10.a3 Be7 11.Be3 O-O-O 12.Qc1 Kb8 13.Rd1 f6 14.Ng3 Bg6 15.Nge4 Na5
16.Ba2 Nac4 17.exf6 gxf6 18.Nc5 Qc6 19.b4 Rhg8 20.b5 Qd6 21.a4 Bh5 22.Re1 Rxg2+
23.Kxg2 Rg8+ 24.Kh3  1/2-1/2

[Event "Owens Corning"]
[Site "Wrexham"]
[Date "1996.??.??"]
[Round "?"]
[White "Ward, Christopher"]
[Black "Hartman, Christer"]
[Result "1-0"]
[WhiteElo "2460"]
[BlackElo "2370"]

1.d4 d5 2.c4 dxc4 3.e4 Nc6 4.Nf3 Bg4 5.Bxc4 e6 6.d5 exd5 7.Bxd5 Qd7 8.Qb3 O-O-O
9.O-O Bxf3 10.Qxf3 Nf6 11.Bg5 Nd4 12.Qd1 Bc5 13.Nc3 Ne6 14.Bxf6 gxf6 15.Qh5 Nf4
16.Qf3 Nxd5 17.Rfd1 f5 18.Rxd5 fxe4 19.Qxe4 Bd6 20.Rad1 Rhe8 21.Qf3 Qe6 22.g3 Be5
23.Rxd8+ Rxd8 24.Rxd8+ Kxd8 25.Qd3+ Kc8 26.Qxh7 Bxc3 27.bxc3 Qxa2 28.h4 Qe6
29.h5 a5 30.h6 b6 31.Qg8+ Kb7 32.h7 Qe1+ 33.Kg2 Qe4+ 34.Kh2 Qf5 35.h8=Q Qxf2+
36.Kh3 Qf1+ 37.Kh4 Qh1+ 38.Kg5 Qd5+ 39.Kh4 Qh1+ 40.Kg5 Qd5+ 41.Kf6 Qe6+ 42.Kg7 Qg6+
43.Kf8 Qd6+ 44.Kxf7 Qd5+ 45.Kf6 Qc6+ 46.Kg5 Qb5+ 47.Kh4  1-0

[Event "Yerevan ol (Women)"]
[Site "Yerevan"]
[Date "1996.??.??"]
[Round "2"]
[White "Hoang Than Trang"]
[Black "Skripchenko, Almira"]
[Result "0-1"]
[WhiteElo "2360"]
[BlackElo "2370"]

1.d4 d5 2.c4 dxc4 3.e4 Nc6 4.Be3 Nf6 5.Nc3 e5 6.d5 Na5 7.Qa4+ c6 8.b4 cxb3
9.axb3 Bd7 10.Qxa5 Qxa5 11.Rxa5 Bb4 12.Rc5 Nxe4 13.dxc6 Bxc6 14.Rxe5+ Kd7
15.Ne2 Nxc3 16.Bd2 Rhe8 17.Rf5 Bxg2 18.Rg1 Bxf1 19.Kxf1 Nxe2 20.Rxg7 Bxd2
21.Rfxf7+ Kc6 22.Rxb7 Ba5 23.Rxh7 Nf4 24.b4 Rad8 25.b5+ Kc5 26.f3 Rd1+ 27.Kf2 Be1+  0-1

[Event "Yerevan ol (Men)"]
[Site "Yerevan"]
[Date "1996.??.??"]
[Round "8"]
[White "Magai, Vladimir"]
[Black "Lima, Darcy"]
[Result "1-0"]
[WhiteElo "2500"]
[BlackElo "2430"]

1.d4 d5 2.c4 dxc4 3.e4 c5 4.d5 Nf6 5.Nc3 e6 6.Bxc4 exd5 7.Nxd5 Nxd5 8.Bxd5 Be7
9.Nf3 O-O 10.O-O Qb6 11.Ne5 Be6 12.Qf3 Nd7 13.Bf4 Rfd8 14.Rad1 Nxe5 15.Bxe5 Bf8
16.Qc3 Rd7 17.Rd3 Bxd5 18.exd5 Qa6 19.a3 c4 20.Rd2 Re8 21.h3 b5 22.d6 Qc6
23.Rfd1 a6 24.Rd5 Qb6 25.Qb4 Rb8 26.a4 f6 27.Bg3 bxa4 28.Qxc4 Qb3 29.Qxa6 Qxb2
30.Qxa4 Rbd8 31.Qe4 Qa3 32.Kh2 h6 33.R1d3 Qc1 34.Bf4 Qc6 35.h4 Kf7 36.Qf3 Rc8
37.Qg4 Rcd8 38.Qf3 Rc8 39.h5 Qc4 40.R3d4 Qc6 41.Rd1 Qa4 42.R5d4 Qb5 43.Rd5 Qa4
44.g3 Rc2 45.Be3 Qc6 46.Qf5 Kg8 47.Rb5 Rc3 48.Rb6 Qc8 49.Rb8 Qxb8 50.Qxd7 Qb3
51.Qg4 f5 52.Qd4 Rc8 53.d7 Rd8 54.Qb6 Qxd1 55.Qxd8 f4 56.Bxf4 Qxh5+ 57.Qh4 Qxh4+
58.gxh4 Be7 59.Bc7 Bxh4 60.d8=Q+ Bxd8 61.Bxd8 g5 62.Kg3 Kf7 63.Kf3 Kg6 64.Ke4 h5
65.f3 h4 66.Be7 Kh5 67.Kf5 h3 68.Bd6 Kh4 69.Bc7  1-0

[Event "Yerevan ol (Men)"]
[Site "Yerevan"]
[Date "1996.??.??"]
[Round "10"]
[White "Ftacnik, Lubomir"]
[Black "Hansen, Curt"]
[Result "1-0"]
[WhiteElo "2610"]
[BlackElo "2595"]

1.d4 d5 2.c4 dxc4 3.e4 e5 4.Nf3 exd4 5.Bxc4 Bb4+ 6.Nbd2 Nc6 7.O-O Nf6 8.e5 Nd5
9.Nb3 Nb6 10.Bg5 Be7 11.Bxe7 Nxe7 12.Bd3 Ng6 13.Nfxd4 Nf4 14.Bb5+ c6 15.Qf3 Nh3+
16.gxh3 cxb5 17.Qg3 O-O 18.Rad1 Qe8 19.Rfe1 Nc4 20.Nc5 Nxb2 21.Ne4 Qe7 22.Nd6 g6
23.Rb1 Nc4 24.N4xb5 Be6 25.Ne4 Kg7 26.Nbd6 Rab8 27.a4 a6 28.Nxc4 Bxc4 29.a5 Bd5
30.Nf6 Qe6 31.Nh5+ Kh8 32.Nf4 Qc6 33.Rec1  1-0

[Event "Zalakaros op"]
[Site "Zalakaros"]
[Date "1996.??.??"]
[Round "5"]
[White "Lenkey, Pal"]
[Black "Dekker, Theo"]
[Result "0-1"]
[WhiteElo "2065"]
[BlackElo "2240"]

1.d4 d5 2.c4 dxc4 3.e4 c5 4.Qa4+ Qd7 5.Qxd7+ Nxd7 6.d5 b5 7.a4 b4 8.Bxc4 Ngf6
9.f3 Ne5 10.Bb5+ Bd7 11.Bf4 Bxb5 12.Bxe5 Ba6 13.Nd2 Nd7 14.Bf4 g5 15.Bg3 Bg7
16.Rb1 Bd3 17.b3 Bxb1 18.Nxb1 Rc8 19.Nd2 Bc3 20.Ne2 Bxd2+ 21.Kxd2 a5 22.Rc1 f5
23.Nd4 f4 24.Bf2 Kf7 25.Nc6 e6 26.Bxc5 exd5 27.exd5 Nf6 28.Ne5+ Ke8 29.d6 Nd7
30.Nd3 Kf7 31.Rc4 Rhe8 32.g3 Rc6 33.gxf4 Nxc5 34.Rxc5 Rxd6 35.Rf5+ Kg6 36.Rxg5+ Kf6
37.Re5 Red8 38.Re3 Rc6 39.Ke2 Rc2+ 40.Kf1 Rc3 41.Ne5 Rxe3 42.Ng4+ Kf5 43.Nxe3+ Kxf4
44.Nc4 Kxf3 45.Ke1 Rd5 46.Nb6 Rd3 47.Nc4 Rd5 48.Nb6 Rh5 49.Nc4 Kg2 50.Ne3+ Kxh2
51.Kf2 Rc5 52.Nf1+ Kh3 53.Nd2 Rc2 54.Ke3 h5 55.Kd3 Rxd2+ 56.Kxd2 Kg3 57.Kd3 h4
58.Kc4 h3 59.Kb5 h2 60.Kxa5 h1=Q 61.Kxb4 Qe1+ 62.Kb5 Qe5+ 63.Kb4 Qb8+ 64.Kc4 Qc7+
65.Kb5 Qb7+ 66.Kc4 Qa6+ 67.Kb4 Qb6+ 68.Kc4 Qa5  0-1

[Event "Kloosters"]
[Site "Ter Apel"]
[Date "1997.03.22"]
[Round "5"]
[White "Van Wely, Loek"]
[Black "Huebner, Robert"]
[Result "1-0"]
[WhiteElo "2645"]
[BlackElo "2600"]

1.d4 d5 2.c4 dxc4 3.e4 e5 4.Nf3 Bb4+ 5.Nc3 exd4 6.Nxd4 Ne7 7.Bxc4 Nbc6 8.Be3 O-O
9.Nb5 Bd7 10.a3 Ba5 11.b4 Bb6 12.Bxb6 axb6 13.f4 Na7 14.Nxa7 Rxa7 15.O-O Ng6
16.Qd4 Ba4 17.Qxd8 Rxd8 18.Bb5 Bb3 19.Rfb1 c6 20.Rxb3 cxb5 21.Nxb5 Raa8 22.g3 h5
23.Rc3 h4 24.Ra2 Ne7 25.Rc7 Nc6 26.Rc2 h3 27.Kf2 Nd4 28.Nxd4 Rxd4 29.Rc8+ Rxc8
30.Rxc8+ Kh7 31.Kf3 Rd2 32.Kg4 Rxh2 33.Rc7 f6 34.Rxb7 Ra2 35.Kxh3 Rxa3 36.Kg4 Re3
37.Kf5 Rxg3 38.e5 fxe5 39.fxe5 Rf3+ 40.Ke4 Rf1 41.b5 Re1+ 42.Kf5 Rf1+ 43.Ke6 Rf2
44.Rd7 Kh6 45.Rd6 g5 46.Kd7+ Kg7 47.e6 Re2 48.Rd1 Kf6 49.Rf1+ Kg7 50.Rf7+ Kg6
51.Rf8 Rd2+ 52.Ke8 Rd5 53.e7 Kg7 54.Rf7+ Kg8 55.Rf6 Kg7 56.Rc6 Rd2 57.Rc8  1-0

[Event "RUS-Cup7"]
[Site "Kstovo"]
[Date "1997.05.03"]
[Round "3"]
[White "Kiseleva, Natalia"]
[Black "Ibragimov, Ildar"]
[Result "0-1"]
[WhiteElo "2350"]
[BlackElo "2555"]

1.d4 d5 2.c4 dxc4 3.e4 Nc6 4.d5 Ne5 5.Qd4 Ng6 6.Bxc4 e5 7.Qd3 a6 8.Ne2 Bd6
9.Be3 Nf6 10.f3 Nf4 11.Nxf4 exf4 12.Bd4 Nd7 13.Qe2 Ne5 14.Nd2 O-O 15.O-O-O b5
16.Bd3 c5 17.dxc6 Nxc6 18.Bf2 Be6 19.e5 Nxe5 20.Ne4 Be7 21.Kb1 Qa5 22.b3 Rac8
23.g3 Nxd3 24.Rxd3 Rc6 25.Be1 b4 26.Bd2 Rfc8 27.Rc1 fxg3 28.hxg3 Qc7 29.Qd1 a5
30.g4 Rxc1+ 31.Bxc1 h6 32.Bb2 a4 33.bxa4 Qc4 34.Qb3 Qc6 35.Qd1 Ra8  0-1

[Event "RUS-ch m1-2"]
[Site "Elista"]
[Date "1997.05.20"]
[Round "1.2"]
[White "Notkin, Maksim"]
[Black "Yakovich, Yuri"]
[Result "1/2-1/2"]
[WhiteElo "2515"]
[BlackElo "2575"]

1.d4 d5 2.c4 dxc4 3.e4 Nf6 4.e5 Nd5 5.Bxc4 Nb6 6.Bb3 Nc6 7.Be3 Bf5 8.Ne2 e6
9.Nbc3 Qd7 10.a3 Na5 11.Ba2 Nac4 12.Qc1 Be7 13.O-O O-O 14.Ng3 Bg6 15.Rd1 Nxe3
16.Qxe3 c6 17.Nce4 Nd5 18.Qe2 Rac8 19.Rac1 Rc7 20.Bb1 b6 21.Qg4 Bf5 22.Qf3 Bg6
23.Qg4 Bf5 24.Qf3 Bg6 25.Qg4  1/2-1/2

[Event "Drury Lane"]
[Site "London"]
[Date "1997.06.16"]
[Round "1"]
[White "Lalic, Bogdan"]
[Black "Kumaran, Dharshan"]
[Result "1/2-1/2"]
[WhiteElo "2585"]
[BlackElo "2500"]

1.d4 d5 2.c4 dxc4 3.e4 Nf6 4.e5 Nd5 5.Bxc4 Nb6 6.Bb3 Nc6 7.Ne2 Bf5 8.Nbc3 e6
9.a3 Qd7 10.O-O Be7 11.Ba2 O-O-O 12.Be3 f6 13.f4 h5 14.Qc1 h4 15.Rd1 Qe8
16.d5  1/2-1/2

[Event "Oberwart op"]
[Site "Oberwart"]
[Date "1997.07.11"]
[Round "7"]
[White "Kummer, Helmut"]
[Black "Strauss, Anton"]
[Result "1/2-1/2"]
[WhiteElo "2350"]
[BlackElo "2240"]

1.d4 d5 2.c4 dxc4 3.e4 Nf6 4.e5 Nd5 5.Bxc4 e6 6.Nf3 Nb6 7.Bb3 c5 8.O-O Nc6
9.Bg5 Be7 10.Bxe7 Qxe7 11.Nc3 cxd4 12.Nb5 O-O 13.Nbxd4 Nxd4 14.Qxd4 Bd7 15.Rac1 Bc6
16.Rc3 Rfd8 17.Qg4 Nd5 18.Bxd5 Rxd5 19.h3 Rad8 20.Rfc1 h6 21.Qf4 Rd3 22.Rxd3 Rxd3
23.Nd4 Qb4 24.Nxe6 Qxf4 25.Nxf4 Rd4 26.g3 Rd2 27.Rb1 Be4 28.Re1 Bc6 29.Rb1 Be4
30.Re1 Bc6  1/2-1/2

[Event "IRL-ch"]
[Site "Dublin"]
[Date "1997.07.12"]
[Round "1"]
[White "Cafolla, Peter"]
[Black "Brady, Stephen"]
[Result "0-1"]
[WhiteElo "2070"]
[BlackElo "2325"]

1.d4 d5 2.c4 dxc4 3.e4 Nf6 4.e5 Nd5 5.Bxc4 Nb6 6.Bd3 Nc6 7.Be3 Be6 8.Nf3 Nb4
9.Be4 Bd5 10.Bxd5 N4xd5 11.O-O e6 12.a4 Bb4 13.Bd2 a5 14.Bxb4 Nxb4 15.Nc3 O-O
16.Qe2 N6d5 17.Rfd1 h6 18.Nb5 Nc6 19.Rac1 Nce7 20.Qe4 Nf5 21.Nc3 Nfe7 22.Nb5 Qd7
23.Nd2 c6 24.Nd6 f5 25.Qf3 Ng6 26.Nb3 Qe7 27.g3 f4 28.Qg4 fxg3 29.hxg3 Ngf4
30.gxf4 Rxf4 31.Qh3 Raf8 32.Nc5 Qg5+ 33.Qg3 Rg4 34.Nce4 Rxg3+ 35.fxg3 Qe3+
36.Kh2 Qe2+ 37.Kh3 Ne3 38.Re1 Qh5+  0-1

[Event "Wch U20 Girls"]
[Site "Zagan"]
[Date "1997.07.17"]
[Round "4"]
[White "Lomineishvili, Maia"]
[Black "Danielian, Elina"]
[Result "1/2-1/2"]
[WhiteElo "2385"]
[BlackElo "2345"]

1.d4 d5 2.c4 dxc4 3.e4 Nf6 4.e5 Nd5 5.Bxc4 Nb6 6.Bb3 Nc6 7.Ne2 Bf5 8.Nbc3 e6
9.Be3 Qd7 10.a3 Be7 11.O-O O-O-O 12.Na4 Nd5 13.Rc1 f6 14.exf6 gxf6 15.Nc5 Bxc5
16.Rxc5 Qg7 17.Bxd5 Rxd5 18.Rxd5 exd5 19.Ng3 Bg4 20.Qb3 h6 21.Qxd5 h5 22.Nf5 Qg6
23.Nh6 Rd8 24.Qf7 Qxf7 25.Nxf7 Rd7 26.Nh6 Be2 27.Re1 Nxd4  1/2-1/2

[Event "Wch U20"]
[Site "Zagan"]
[Date "1997.07.18"]
[Round "5"]
[White "Pereyra Arcija, Diego"]
[Black "Ibraev, Nurlan"]
[Result "1-0"]
[WhiteElo "2460"]
[BlackElo "2320"]

1.d4 d5 2.c4 dxc4 3.e4 Nf6 4.e5 Nd5 5.Bxc4 Nb6 6.Bd3 Nc6 7.Be3 Nb4 8.Be4 f5
9.exf6 exf6 10.a3 f5 11.axb4 Bxb4+ 12.Nc3 fxe4 13.Qh5+ Kf8 14.Ne2 Qe8 15.Qh4 Kg8
16.O-O h6 17.Ng3 c6 18.Ngxe4 Bf5 19.Nc5 Qf7 20.N3e4 Qg6 21.Ng3 Bxc5 22.dxc5 Nd5
23.Bd4 Kh7 24.Rfe1 Rhe8 25.h3 a6 26.Re5 Bb1 27.Ra3 Rxe5 28.Bxe5 Re8 29.Qd4 Re7
30.Kh2 Qe6 31.f4 Rf7 32.Rf3 Bg6 33.Nf1 h5 34.Nd2 Ne7 35.Qd6 Qf5 36.Rg3 Nc8
37.Qd4 Rd7 38.Qc3 Ne7 39.Nf3 Nd5 40.Qc1 Kg8 41.Rg5 Qd3 42.Nh4 Be4 43.Rg3 Qe2
44.Qg1 Kh7 45.Qd4 g6 46.f5 Bxf5 47.Nxf5 gxf5 48.Qh4  1-0

[Event "RUS-Cup10"]
[Site "Tomsk"]
[Date "1997.07.30"]
[Round "8"]
[White "Shinkevich, Vitaly"]
[Black "Nikitin, Andrey"]
[Result "1/2-1/2"]
[WhiteElo "2375"]
[BlackElo "2480"]

1.d4 d5 2.c4 dxc4 3.e4 Nf6 4.e5 Nd5 5.Bxc4 Nb6 6.Bd3 Nc6 7.Ne2 Bg4 8.Be3 Nb4
9.Be4 N4d5 10.O-O e6 11.Nbc3 Qd7 12.Qc2 Bxe2 13.Qxe2 O-O-O 14.Rac1 Kb8 15.Bf3 f5
16.exf6 gxf6 17.Ne4 Bd6 18.Bd2 e5 19.Nxd6 cxd6 20.dxe5 dxe5 21.Rfd1 Qe6 22.Re1 Rhe8
23.b3 Re7 24.g3 Rde8 25.Bg2 f5 26.Qh5 Qg6 27.Qh4 e4 28.a4 Nd7 29.Bg5 Re6
30.Red1 Rd6 31.Bf4 Ne5 32.Bxe5 Rxe5 33.Rc2 Ne7 34.Rcd2 Rxd2 35.Rxd2 Kc7 36.Qf4 Qe6
37.Qe3 b6 38.Rc2+ Kb7 39.Bf1 Qd6 40.Rd2 Rd5 41.Rxd5 Nxd5 42.Qd4 Kc7 43.Bb5 h6
44.Qh8 Ne7 45.Kg2 f4 46.Qc3+ Kb7 47.gxf4 Qxf4 48.Qg3 Qf5 49.Qd6 Qf3+ 50.Kf1 Qh3+
51.Ke1 Qc3+ 52.Ke2  1/2-1/2

[Event "Bad Homburg"]
[Site "Bad Homburg"]
[Date "1997.08.01"]
[Round "7"]
[White "Xu Jun"]
[Black "Svidler, Peter"]
[Result "1/2-1/2"]
[WhiteElo "2505"]
[BlackElo "2660"]

1.d4 d5 2.c4 dxc4 3.e4 e5 4.Nf3 exd4 5.Bxc4 Nc6 6.O-O Be6 7.Bxe6 fxe6 8.Qb3 Qd7
9.Qxb7 Rb8 10.Qa6 Nf6 11.e5 Ng4 12.Nbd2 Bb4 13.Nb3  1/2-1/2

[Event "Budapest FS09 IM"]
[Site "Budapest"]
[Date "1997.09.17"]
[Round "12"]
[White "Dudas, Janos"]
[Black "Lehmann, Zoltan"]
[Result "0-1"]
[WhiteElo "2400"]
[BlackElo "2275"]

1.d4 d5 2.c4 dxc4 3.e4 Nc6 4.Nf3 Bg4 5.Be3 e6 6.Bxc4 Bxf3 7.gxf3 Qf6 8.Nc3 O-O-O
9.d5 Bb4 10.Qb3 exd5 11.Bxd5 Qxf3 12.Rg1 Nge7 13.Rd1 Bxc3+ 14.Qxc3 Nxd5 15.exd5 Rxd5
16.Rxd5 Qxd5 17.Rxg7 Rd8 18.Qb3 Qh1+ 19.Ke2 Qe4 20.Kf1 Rd3 21.Rg8+ Nd8 22.Bg5 f6
23.Bxf6 Qh1+ 24.Ke2 Qf3+ 25.Ke1 Qxf6 26.Qxd3 Qe6+ 27.Qe3 Qxg8 28.Qxa7 Qe6+
29.Kf1 Qa6+  0-1

[Event "RUS-ch (Women)"]
[Site "Elista"]
[Date "1997.09.29"]
[Round "11"]
[White "Shumiakina, Tatiana"]
[Black "Galliamova, Alisa"]
[Result "1/2-1/2"]
[WhiteElo "2385"]
[BlackElo "2445"]

1.d4 d5 2.c4 dxc4 3.e4 Nf6 4.e5 Nd5 5.Bxc4 Nc6 6.Nc3 Nb6 7.Bb5 Bd7 8.Nf3 a6
9.Be2 Bf5 10.d5 Nb4 11.Nd4 Bg6 12.O-O N4xd5 13.e6 c5 14.Nxd5 Qxd5 15.Bf3 Qxd4
16.Bxb7 Qxd1 17.Rxd1 fxe6 18.Bxa8 Nxa8 19.Be3 Be4 20.Bxc5 g6 21.Bd4 Rg8 22.Rac1 Kd7
23.Rc4 Bd5 24.Ra4 Nc7 25.Bb6 Bg7 26.b3 Ra8 27.Rc4 Nb5 28.Ba5 Ke8 29.Rc5 Bd4
30.Rcc1 e5 31.h3 Kf7 32.Bd2 a5 33.Be3 a4 34.Rc5 Bxc5 35.Rxd5 Ke6 36.Rxc5 axb3
37.axb3 Nd4 38.b4 Rb8 39.Rc4 Kd5 40.Rc5+ Ke6 41.Rc4 Kd5 42.Rc5+ Ke4 43.Rc4 h5
44.Kh2 Rb5 45.Bg5 Kd5 46.Rc8 Rxb4 47.Bxe7 Rb2 48.Kg1 Ne2+ 49.Kh2 Nd4 50.Kg1  1/2-1/2

[Event "ESP-ch"]
[Site "Torrevieja"]
[Date "1997.10.06"]
[Round "9"]
[White "Martinez Martin, David"]
[Black "Escobar, Dominguez D"]
[Result "1-0"]
[WhiteElo "2180"]
[BlackElo "2310"]

1.d4 d5 2.c4 dxc4 3.e4 c5 4.d5 Nf6 5.Nc3 b5 6.e5 b4 7.exf6 bxc3 8.bxc3 gxf6
9.Bxc4 Bg7 10.d6 Bb7 11.Qh5 e6 12.Bxe6 O-O 13.Bf5 Re8+ 14.Ne2 h6 15.Bxh6 Ba6
16.Be3 Qxd6 17.Bh7+ Kf8 18.Qxc5 Ke7 19.Rd1  1-0

[Event "Budapest FS10 IM-A"]
[Site "Budapest"]
[Date "1997.10.09"]
[Round "5"]
[White "Stocek, Jiri"]
[Black "Ashley, Maurice"]
[Result "1-0"]
[WhiteElo "2470"]
[BlackElo "2445"]

1.d4 d5 2.c4 dxc4 3.e4 e5 4.Nf3 exd4 5.Bxc4 Nc6 6.O-O Be6 7.Bb5 Bc5 8.Nbd2 Ne7
9.Ng5 Qd6 10.Nxe6 Qxe6 11.Nb3 Qd6 12.Bf4 Qxf4 13.Nxc5 O-O 14.g3 Qh6 15.Rc1 Rfb8
16.Qa4 a6 17.Bxc6 Nxc6 18.Kg2 b5 19.Qc2 Ne5 20.Nb3 d3 21.Qxc7 Nc4 22.Rfd1 Rd8
23.Qb7 Qd6 24.Rc3 Nxb2 25.Rd2 Rab8 26.Qa7 Ra8 27.Qb7 Rab8 28.Qa7 Qb4 29.Qc5 Qxc5
30.Nxc5 Rbc8 31.Rc1 Nc4 32.Rxd3 Re8 33.Rd5 Nb6 34.Rdd1 Nc4 35.Nxa6 Rxe4 36.Nc7 Re5
37.Nxb5 Rxb5 38.Rxc4 Re8 39.a4 Rb2 40.Rd7 Ra2 41.h4 h5 42.Rcc7 Rf8 43.Ra7 Ra3
44.a5 g6 45.a6 Kg7 46.Rdc7 Ra5 47.Rc6 Rd8 48.Rcc7 Rf5 49.Rd7 Re8 50.Re7 Rxe7
51.Rxe7 Ra5 52.a7 Kf6 53.Rb7 Ra3 54.Kf1 Ra2 55.Ke1 Ke6 56.Kd1 f6 57.Kc1 Kf5
58.Kb1 Ra6 59.Rf7 g5 60.hxg5 Kxg5 61.Kc2 h4 62.gxh4+ Kxh4 63.Rg7 Kh5 64.Kd3 Kh6
65.Rc7 Kg5 66.Kc4 f5 67.Kb5 Ra1 68.Kb6 Kg4 69.Kb7 Kf3 70.a8=Q  1-0

[Event "DEN-chT 9798"]
[Site "Denmark"]
[Date "1997.11.02"]
[Round "1"]
[White "Jelling, Erik"]
[Black "Schandorff, Lars"]
[Result "0-1"]
[WhiteElo "2400"]
[BlackElo "2510"]

1.d4 d5 2.c4 dxc4 3.e4 e5 4.Nf3 exd4 5.Bxc4 Nc6 6.O-O Be6 7.Bxe6 fxe6 8.Qb3 Qd7
9.Qxb7 Rb8 10.Qa6 Nf6 11.Nbd2 Bb4 12.a3 Bxd2 13.Nxd2 O-O 14.b4 Rb6 15.Qd3 Ne5
16.Qb3 c5 17.Qg3 Ng6 18.bxc5 Rc6 19.Bb2 Rxc5 20.Rac1 Nh5 21.Qg4 Rxc1 22.Rxc1 Nhf4
23.Rf1 Qb5 24.Ba1 h5 25.Qd1 Qg5 26.g3 Nh3+  0-1

[Event "RUS-Cup01 Chigorin mem"]
[Site "St Petersburg"]
[Date "1997.11.02"]
[Round "2"]
[White "Burmakin, Vladimir"]
[Black "Zakharov, Alexander S"]
[Result "1-0"]
[WhiteElo "2550"]
[BlackElo "2360"]

1.d4 d5 2.c4 dxc4 3.e4 e5 4.Nf3 Bb4+ 5.Bd2 Bxd2+ 6.Nbxd2 exd4 7.Bxc4 Nc6
8.Nb3 Nf6 9.Nbxd4 Nxd4 10.Qxd4 Qxd4 11.Nxd4 Nxe4 12.Nb5 O-O 13.Nxc7 Rb8 14.f3 Nf6
15.Nb5 Bd7 16.Kf2 Rbc8 17.Nd6 Rc6 18.Rhd1 Be6 19.Rac1 Bxc4 20.Rxc4 Rxc4 21.Nxc4 Rc8
22.Rd2 Kf8 23.Nd6 Rd8 24.Ke2 Rd7 25.Nc8 a6 26.Rxd7 Nxd7 27.Kd3 b6 28.Kd4 Ke8
29.Kd5 Kd8 30.Nd6 Ke7 31.b4 Nf6+ 32.Kc6 Ke6 33.b5 a5 34.Nc4 Nd5 35.a3  1-0

[Event "Jakarta m 25' blindfold"]
[Site "Jakarta"]
[Date "1997.11.21"]
[Round "2"]
[White "Karpov, Anatoly"]
[Black "Adianto, Utut"]
[Result "0-1"]
[WhiteElo "2745"]
[BlackElo "2610"]

1.d4 d5 2.c4 dxc4 3.e4 c5 4.d5 Nf6 5.Nc3 b5 6.Bf4 Ba6 7.f3 e6 8.dxe6 Qxd1+
9.Kxd1 b4 10.exf7+ Kxf7 11.Na4 Nc6 12.b3 Rd8+ 13.Ke1 Nd7 14.Rd1 Be7 15.Bc7 Nd4
16.Bxd8 Rxd8 17.Bxc4+ Bxc4 18.bxc4 Ne5 19.Nb2 Rd6 20.Ne2 Bh4+ 21.g3 Nexf3+
22.Kf2 Bf6 23.Nd3 Ra6 24.Nxd4 Nxd4 25.Rd2 Bg5 26.Rb2 Ra3 27.Nxc5 Rc3 28.Rd1 Rxc4
29.Nd3 Ke6 30.e5 a5 31.Re2 Nxe2  0-1

[Event "Iona Tech Masters"]
[Site "Kilkenny"]
[Date "1997.11.28"]
[Round "1"]
[White "Cafolla, Peter"]
[Black "O'Cinneide, Mel"]
[Result "1/2-1/2"]
[WhiteElo "2070"]
[BlackElo "2285"]

1.d4 d5 2.c4 dxc4 3.e4 c5 4.Nf3 cxd4 5.Qxd4 Qxd4 6.Nxd4 Bd7 7.Bxc4 Nc6 8.Nxc6 Bxc6
9.Nc3 e6 10.Be3 Bb4 11.f3 Nf6 12.Rc1 a6 13.O-O Rc8 14.a3 Bd6 15.Bd4 Be7 16.Bb3 O-O
17.Rfd1 Nd7 18.Ne2 Rfd8 19.e5 Bb5 20.Ng3 Rxc1 21.Rxc1 Bg5 22.Rd1 Bf4 23.Nh5 Bh6
24.Kf2 Nb8 25.Be3 Bxe3+ 26.Kxe3 Rc8 27.Ng3 Nd7 28.f4 Bc6 29.Rd2 Kf8 30.Bc2 Nb6
31.Bb3 Bd5 32.Bxd5 Nxd5+ 33.Kf3 Rc1 34.Ne4 Ke7 35.g3 b6 36.Ke2 h5 37.h4 Rg1
38.Kf2 Rh1 39.Ke2 Rh3 40.Kf3 Rh1  1/2-1/2

[Event "Karpov GM"]
[Site "Singapore"]
[Date "1997.12.18"]
[Round "5"]
[White "Hsu Li Yang"]
[Black "Ardiansyah, Haji"]
[Result "1-0"]
[WhiteElo "2390"]
[BlackElo "2415"]

1.d4 d5 2.c4 dxc4 3.e4 c5 4.d5 b5 5.a4 Nf6 6.f3 e6 7.dxe6 Qxd1+ 8.Kxd1 Bxe6
9.axb5 Nbd7 10.Nc3 Be7 11.Nge2 O-O 12.Nf4 Ne5 13.Kc2 Rfd8 14.Be2 h6 15.Be3 Kf8
16.Ra4 Bd7 17.Rha1 g5 18.Nfd5 Nxd5 19.exd5 Bf5+ 20.Kd2 Rd7 21.b6 Rb8 22.bxa7 Ra8
23.Bxc4 Raxa7 24.Rxa7 Nxc4+ 25.Ke2 Rxa7 26.Rxa7 Nxb2 27.Ne4  1-0

[Event "Ambasador op"]
[Site "Bern"]
[Date "1997.12.??"]
[Round "5"]
[White "Martig, Markus"]
[Black "Kamber, Bruno"]
[Result "0-1"]
[WhiteElo "2003"]
[BlackElo "2336"]

1.d4 d5 2.c4 dxc4 3.e4 c5 4.d5 Nf6 5.Nc3 e6 6.Bxc4 exd5 7.Bxd5 Nxd5 8.Nxd5 Be6
9.Ne2 Bxd5 10.exd5 Bd6 11.O-O O-O 12.Nc3 Nd7 13.f4 a6 14.Qf3 Re8 15.Bd2 b5
16.Ne4 Nf6 17.Nxf6+ Qxf6 18.Bc3 Qf5 19.g4 Qe4 20.Rae1 Qxf3 21.Rxf3 Rxe1+
22.Bxe1 Re8 23.Bf2 c4 24.Re3 Kf8 25.Rxe8+ Kxe8 26.Bd4 Bxf4 27.Bxg7 Ke7 28.Bc3 Kd6
29.b3 Kxd5 30.h3 Be5 31.bxc4+ bxc4  0-1

[Event "Viking op"]
[Site "Aaland-Stockholm"]
[Date "1997.??.??"]
[Round "?"]
[White "Gurevich, Mikhail"]
[Black "Olafsson, Helgi"]
[Result "1-0"]
[WhiteElo "2620"]
[BlackElo "2505"]

1.d4 d5 2.c4 dxc4 3.e4 Nf6 4.e5 Nd5 5.Bxc4 Nb6 6.Bd3 Nc6 7.Be3 Be6 8.Nc3 Qd7
9.Nge2 Bc4 10.Be4 e6 11.O-O O-O-O 12.b3 Bd5 13.Nxd5 Nxd5 14.a3 f6 15.exf6 gxf6
16.b4 Nce7 17.Qb3 h5 18.Rac1 Bh6 19.Bxh6 Rxh6 20.Rc5 Kb8 21.Rfc1 Qd6 22.b5 h4
23.a4 f5 24.Bf3 Rh7 25.a5 Rg7 26.Kh1 Rdg8 27.Qb2 Rd8 28.Qd2 Rg6 29.Bh5 Rgg8
30.Bf3 Rh8 31.Qb2 Rhg8 32.h3 Rgf8 33.Nc3 Nxc3 34.Qxc3 Rc8 35.Qe3 Ng6 36.a6  1-0